Les principes/vertus du bushido - Statistiques

Statistiques générales
  • Ce quiz a été pris 5 fois
  • Le résultat moyen est 2 sur 7
Statistiques - réponses
Les 7 principes du bushido % Correct
Honneur
100%
Courage
67%
Loyauté
33%
Bienveillance
0%
Droiture
0%
Politesse
0%
Sincérité
0%
Aucun quiz correspondant
Distribution des résultats
% des personnes avec chaque résultat
Percentile par nombre de réponses
Votre historique - résultats
Vous n’avez pas pris ce quiz